Flight dynamics principles : a linear systems approach to aircraft stability and control. ( 3rd edition) (Record no. 63174)
[ view plain ]
| 000 -LEADER | |
|---|---|
| fixed length control field | 01362nam a2200229 a 4500 |
| 008 - FIXED-LENGTH DATA ELEMENTS--GENERAL INFORMATION | |
| fixed length control field | 190715s2013 ||||||||||||||||| || u |
| 020 ## - INTERNATIONAL STANDARD BOOK NUMBER | |
| International Standard Book Number | 9780080982427 |
| 050 ## - LIBRARY OF CONGRESS CALL NUMBER | |
| Classification number | TL 570 Coo |
| 100 ## - MAIN ENTRY--PERSONAL NAME | |
| Personal name | Cook, Michael V |
| 245 10 - TITLE STATEMENT | |
| Title | Flight dynamics principles : a linear systems approach to aircraft stability and control. ( 3rd edition) |
| Statement of responsibility, etc. | By Michael V. Cook |
| 250 ## - EDITION STATEMENT | |
| Edition statement | 3rd edition |
| 260 ## - PUBLICATION, DISTRIBUTION, ETC. | |
| Place of publication, distribution, etc. | Amsterdam |
| Name of publisher, distributor, etc. | Elsevier |
| Date of publication, distribution, etc. | 2013 |
| 300 ## - PHYSICAL DESCRIPTION | |
| Extent | xxxi, 575 pages : illustrations |
| 650 #0 - SUBJECT ADDED ENTRY--TOPICAL TERM | |
| Topical term or geographic name entry element | AERODYNAMICS |
| 650 ## - SUBJECT ADDED ENTRY--TOPICAL TERM | |
| Topical term or geographic name entry element | STABILITY AND AIRPLANES |
| 650 #0 - SUBJECT ADDED ENTRY--TOPICAL TERM | |
| Topical term or geographic name entry element | FLIGHT CONTROL |
| 995 ## - | |
| -- | MAIN LIBRARY OPEN ACCESS |
| -- | 45.29 |
| -- | 749430 |
| -- | CBU-MAIN LIBRARY (Kitwe) |
| -- | TL 570 Coo |
| -- | 1 |
| -- | AVAILABLE |
| -- | Jul 16, 2019 |
| -- | 749430 |
| -- | Main Library Open Access Collection |
| 995 ## - | |
| -- | MAIN LIBRARY OPEN ACCESS |
| -- | 45.29 |
| -- | 749429 |
| -- | CBU-MAIN LIBRARY (Kitwe) |
| -- | TL 570 Coo |
| -- | 2 |
| -- | AVAILABLE |
| -- | Jul 16, 2019 |
| -- | 749429 |
| -- | Main Library Open Access Collection |
| 995 ## - | |
| -- | MAIN LIBRARY OPEN ACCESS |
| -- | 45.29 |
| -- | 749428 |
| -- | CBU-MAIN LIBRARY (Kitwe) |
| -- | TL 570 Coo |
| -- | 3 |
| -- | AVAILABLE |
| -- | Jul 16, 2019 |
| -- | 749428 |
| -- | Main Library Open Access Collection |
| 995 ## - | |
| -- | SHORT LOAN BOOKS |
| -- | 750113 |
| -- | CBU-MAIN LIBRARY (Kitwe) |
| -- | TL 570 Coo |
| -- | 5 |
| -- | AVAILABLE |
| -- | Nov 27, 2019 |
| -- | 750113 |
| -- | Short Loan Collection |
| 995 ## - | |
| -- | MAIN LIBRARY OPEN ACCESS |
| -- | 45.29 |
| -- | 749427 |
| -- | CBU-MAIN LIBRARY (Kitwe) |
| -- | TL 570 Coo |
| -- | 4 |
| -- | AVAILABLE |
| -- | Jul 16, 2019 |
| -- | 749427 |
| -- | Main Library Open Access Collection |
| 999 ## - | |
| -- | 63174 |
| -- | 63174 |
| Withdrawn status | Lost status | Source of classification or shelving scheme | Damaged status | Not for loan | Permanent Location | Current Location | Shelving location | Date acquired | Total Checkouts | Full call number | Barcode | Date last seen | Price effective from | Koha item type |
|---|---|---|---|---|---|---|---|---|---|---|---|---|---|---|
| CBU-MAIN LIBRARY, KITWE. | CBU-MAIN LIBRARY, KITWE. | 12/24/2022 | TL 570 Coo | 749430 | 12/24/2022 | 12/24/2022 | MONOGRAPH | |||||||
| CBU-MAIN LIBRARY, KITWE. | CBU-MAIN LIBRARY, KITWE. | 12/24/2022 | TL 570 Coo | 749429 | 12/24/2022 | 12/24/2022 | MONOGRAPH | |||||||
| CBU-MAIN LIBRARY, KITWE. | CBU-MAIN LIBRARY, KITWE. | 12/24/2022 | TL 570 Coo | 749428 | 12/24/2022 | 12/24/2022 | MONOGRAPH | |||||||
| CBU-MAIN LIBRARY, KITWE. | CBU-MAIN LIBRARY, KITWE. | 12/24/2022 | TL 570 Coo | 750113 | 12/24/2022 | 12/24/2022 | MONOGRAPH | |||||||
| CBU-MAIN LIBRARY, KITWE. | CBU-MAIN LIBRARY, KITWE. | 12/24/2022 | TL 570 Coo | 749427 | 12/24/2022 | 12/24/2022 | MONOGRAPH |